000179099 001__ 179099
000179099 005__ 20160817111952.0
000179099 022__ $$a0147-0205
000179099 0247_ $$2ZDBID$$aPERI:(DE-600)751243-0
000179099 0247_ $$2ZDBPPN$$aZDPPN:014066815
000179099 0247_ $$2OCLC$$aOCLC:3054333
000179099 0247_ $$2Medline$$amedline:7703003
000179099 030__ $$aENNED
000179099 030__ $$aENNED
000179099 035__ $$aPERI:(DE-600)751243-0
000179099 082__ $$a610
000179099 2100_ $$2ZDB$$aEssays Neurochem Neuropharmacol
000179099 2100_ $$2dnlm$$aEssays Neurochem Neuropharmacol
000179099 2100_ $$2iso$$aEssays Neurochem Neuropharmacol
000179099 245__ $$aEssays in neurochemistry and neuropharmacology$$hprint
000179099 247__ $$2DE-600$$aEssays in neurochemistry and neuropharmacology
000179099 260__ $$aLondon$$bWiley
000179099 380__ $$2marcgt$$ajournal
000179099 500__ $$aAutomatically generated record. (Updated: 08/2016)
000179099 909CO $$ooai:juser.fz-juelich.de:274243$$pauthority$$pauthority:PERI
000179099 909CO $$ooai:juser.fz-juelich.de:274243
000179099 915__ $$0StatID:(DE-HGF)0300$$2StatID$$aDBCoverage$$bMedline
000179099 980__ $$aPERI
000179099 980__ $$aAUTHORITY